<?xml version="1.0" encoding="UTF-8"?>
<collection xmlns="http://www.loc.gov/MARC21/slim">
 <record>
  <leader>     na                 </leader>
  <controlfield tag="001">INLIS000000000001160</controlfield>
  <controlfield tag="005">20250409092458</controlfield>
  <datafield tag="035" ind1=" " ind2=" ">
   <subfield code="a">0010-0325001156</subfield>
  </datafield>
  <controlfield tag="008">                                   ind  </controlfield>
  <datafield tag="100" ind1=" " ind2=" ">
   <subfield code="a">Amin, M</subfield>
  </datafield>
  <datafield tag="245" ind1=" " ind2=" ">
   <subfield code="a">Pembangunan Jiwo Layang Kalimosodo</subfield>
  </datafield>
  <datafield tag="084" ind1=" " ind2=" ">
   <subfield code="a">F AMI p</subfield>
  </datafield>
  <datafield tag="260" ind1=" " ind2=" ">
   <subfield code=":"></subfield>
   <subfield code="b">CV. AMIN SURABAYA,</subfield>
   <subfield code="c">1981</subfield>
  </datafield>
  <datafield tag="650" ind1=" " ind2=" ">
   <subfield code="a">Agama</subfield>
  </datafield>
 </record>
</collection>
